The Journal of a Voyage to Lisbon (Record no. 230494)
[ view plain ]
| 000 -LEADER | |
|---|---|
| fixed length control field | 01029cam a22003013a 4500 |
| 001 - CONTROL NUMBER | |
| control field | 1146 |
| 003 - CONTROL NUMBER IDENTIFIER | |
| control field | PGUSA |
| 005 - DATE AND TIME OF LATEST TRANSACTION | |
| control field | 20140828082957.0 |
| 008 - FIXED-LENGTH DATA ELEMENTS--GENERAL INFORMATION | |
| fixed length control field | 971201s1997||||xxu|||||s|||||000 | eng d |
| 040 ## - CATALOGING SOURCE | |
| Original cataloging agency | PGUSA |
| Language of cataloging | eng |
| 042 ## - AUTHENTICATION CODE | |
| Authentication code | dc |
| 050 #4 - LIBRARY OF CONGRESS CALL NUMBER | |
| Classification number | PR |
| 100 1# - MAIN ENTRY--PERSONAL NAME | |
| Personal name | Fielding, Henry, |
| Dates associated with a name | 1707-1754 |
| 245 14 - TITLE STATEMENT | |
| Title | The Journal of a Voyage to Lisbon |
| Medium | [electronic resource] / |
| Statement of responsibility, etc | Henry Fielding |
| 260 ## - PUBLICATION, DISTRIBUTION, ETC. (IMPRINT) | |
| Name of publisher, distributor, etc | Project Gutenberg, |
| Date of publication, distribution, etc | 1997 |
| 506 ## - RESTRICTIONS ON ACCESS NOTE | |
| Terms governing access | Public domain in the USA. |
| 516 ## - TYPE OF COMPUTER FILE OR DATA NOTE | |
| Type of computer file or data note | Electronic text |
| 653 ## - INDEX TERM--UNCONTROLLED | |
| Uncontrolled term | Fielding, Henry, 1707-1754 -- Travel -- English Channel |
| 653 ## - INDEX TERM--UNCONTROLLED | |
| Uncontrolled term | Fielding, Henry, 1707-1754 -- Diaries |
| 653 ## - INDEX TERM--UNCONTROLLED | |
| Uncontrolled term | Authors, English -- 18th century -- Diaries |
| 653 ## - INDEX TERM--UNCONTROLLED | |
| Uncontrolled term | Atlantic Ocean -- Description and travel |
| 653 ## - INDEX TERM--UNCONTROLLED | |
| Uncontrolled term | Fielding, Henry, 1707-1754 -- Travel -- Atlantic Ocean |
| 653 ## - INDEX TERM--UNCONTROLLED | |
| Uncontrolled term | English Channel -- Description and travel |
| 653 ## - INDEX TERM--UNCONTROLLED | |
| Uncontrolled term | Ocean travel -- History -- 18th century |
| 830 #0 - SERIES ADDED ENTRY--UNIFORM TITLE | |
| Uniform title | Project Gutenberg |
| Volume number/sequential designation | 1146 |
| 856 40 - ELECTRONIC LOCATION AND ACCESS | |
| Uniform Resource Identifier | <a href="http://www.gutenberg.org/ebooks/1146">http://www.gutenberg.org/ebooks/1146</a> |
| 942 ## - ADDED ENTRY ELEMENTS (KOHA) | |
| Koha item type | eBooks |
| Withdrawn status | Lost status | Damaged status | Home library | Current library | Date acquired | Total Checkouts | Date last seen | Price effective from | Koha item type |
|---|---|---|---|---|---|---|---|---|---|
| Project Gutenberg | Project Gutenberg | 08/28/2014 | 08/28/2014 | 08/28/2014 | eBooks |